000 00793nam a2200253Ia 4500
003 OSt
005 20220918171040.0
006 a|||||r|||| 00| 0
007 ta
008 220917b |||||||| |||| 00| 0 eng d
020 _a9781138243972 (hbk)
_cUKP 100.00
024 _a348,955
037 _b1684, 13/03/2019, Bright Book Service
_cTextual
040 _aARTS
_cARTS
_beng
041 _2eng
_aeng
082 _aR39(S:4), Q9
100 _aKind Amy Ed.
_95340
245 0 _aPhilosophy of mind in the twentieth and twenty first centuries
260 _aLondon
_bRoutledge UK
_c2019
300 _axvii,326p.
_ccm.
650 _aMIND; PHILOSOPHY
_928629
942 _hR39(S:4), Q9
_cTEXL
_2CC
999 _c137551
_d137551